000 00227nam a22000857a 4500
008 160905b xxu||||| |||| 00| 0 eng d
100 _9298
_aSingh N
245 _aSecondary Physics for us-X
260 _aNew Delhi
_bAPC publication
_c2006
999 _c2957
_d2957